000 00369nam a2200145Ia 4500
008 220216s9999 xx 000 0 und d
100 _aCarter Alan R
245 0 _aThermoplastic rubber as a shoe soling
260 _bRubber World
_c1999
300 _a42-44,47
650 _aShoe soling
650 _aThermoplastic rubber
700 _aTurner Richard H
942 _cJS
999 _c71292
_d71292